ARTEP 2020. Automatizácia a riadenie v teórii a praxi
Salvato in:
| Ente Autore: | |
|---|---|
| Natura: | Atti del Convegno Libro |
| Lingua: | slovacco |
| Pubblicazione: |
Košice :
Technická univerzita v Košiciach,
2020
|
| Edizione: | 1. vyd. |
| Tags: |
Nessun Tag, puoi essere il primo ad aggiungerne!!
|
MARC
| LEADER | 00000nam a22000003a 4500 | ||
|---|---|---|---|
| 001 | 0080265 | ||
| 003 | SK-STU | ||
| 005 | 20200210131045.3 | ||
| 007 | ta | ||
| 008 | 200210s ----xo-----e------100-0-----d | ||
| 020 | |a 978-80-553-3487-5 | ||
| 040 | |a STU |b slo | ||
| 041 | 0 | |a slo | |
| 044 | |a xo | ||
| 111 | 2 | |a Automatizácia a riadenie v teórii a praxi |n 14th |d 05. - 07. 02. 2020 : |c Stará Lesná, SR | |
| 245 | 1 | 0 | |a ARTEP 2020. Automatizácia a riadenie v teórii a praxi |h [14. ročník konferencie odborníkov z univerzít, vysokých škôl a praxe, 05. - 07. februára 2020, Stará Lesná, SR] |
| 250 | |a 1. vyd. | ||
| 260 | |a Košice : |b Technická univerzita v Košiciach, |c 2020 | ||
| 300 | |a 451 s. | ||
| 996 | |b 284M088329 |c M* CD-2765 |l MMKN |s A |a 24 |w 0080265_0001 | ||